Things Fall Apart. (Record no. 348564)

000 -LEADER
fixed length control field 00362 a2200145 4500
020 ## - INTERNATIONAL STANDARD BOOK NUMBER
International Standard Book Number 8122902553
082 ## - DEWEY DECIMAL CLASSIFICATION NUMBER
Classification number 823.91421
090 ## - LOCALLY ASSIGNED LC-TYPE CALL NUMBER (OCLC); LOCAL CALL NUMBER (RLIN)
-- 6189
-- 6189
100 ## - MAIN ENTRY--PERSONAL NAME
Personal name Achebe,Chinua.
245 ## - TITLE STATEMENT
Title Things Fall Apart.
Statement of responsibility, etc. Chinua Achebe.
260 ## - PUBLICATION, DISTRIBUTION, ETC.
Place of publication, distribution, etc. India.
Name of publisher, distributor, etc. Surjeet Publications.
Date of publication, distribution, etc. 2007.
300 ## - PHYSICAL DESCRIPTION
Extent 215p.
500 ## - GENERAL NOTE
General note Paper cover.
942 ## - ADDED ENTRY ELEMENTS (KOHA)
Institution code [OBSOLETE] NBS
Koha item type Book
Call number prefix 823.91421 ACH
Holdings
Withdrawn status Lost status Source of classification or shelving scheme Damaged status Not for loan Permanent Location Current Location Date acquired Total Checkouts Full call number Barcode Date last seen Date last checked out Price effective from Koha item type
          Central Library (CL) Central Library (CL) 08/28/2013 2 823.914 ACH NBSD-1744 01/20/2025 01/05/2025 08/28/2013 Book
© 2023 Central Library, National University of Sciences and Technology. All Rights Reserved.